01402nam a22003257a 45000010005000000030006000050050017000110080041000280200018000690400029000870500014001160820011001301000030001412450071001712500022002422600036002643000045003005050007003455200162003525210019005145210018005336500026005516500024005777000033006019420015006349990015006499520135006649520129007999520148009285270FISKH20241121155603.0241121b cb ||||| |||| 00| 0 eng d a9780439851947 aFISKHbengcFISKHdFISKH aQK475.M55 a582.16 aS.MIller, Debbied(1951-) aAre tree alive? /cDebbie S.Miller Illustrations by Stacey Schuett aPublished in 2002 aNew York :bScholastic, c2002. a29 pages :bColor illustrations ;c28 cm aR  aAn introduction to trees that compares parts of a tree to parts of the human body, with illustrations and brief descriptions of trees found around the world.8 a640L bLexile 8 aR bRaz-Plus  2LeavesaInformational 2Non-fictionaPlants aSchuett, StaceydIllustrator 2ddccBKn0 c5270d5270 00102ddc40708NFICa001b001cTK Yellowd2024-11-21l0oMIL 582.16 QK475.M55p2024-2357r2024-11-21 15:55:19t1w2024-11-21yBK 00102ddc40708NFICa001b001cSNSd2024-11-21l0oMIL 582.16 QK475.M55p2024-2358r2024-11-21 15:56:01t2w2024-11-21yBK 00102ddc40708NFICa001b001cTK Yellowd2025-04-21l1oMIL 582.16 QK475.M55pFISBK00622r2025-06-09 12:30:02s2025-05-02t3w2025-04-21yBK